Animals That Can Survive Extreme Conditions - Statistics

General Stats
  • This quiz has been taken 17 times
  • The average score is 5 of 15
Answer Stats
Answer % Correct
Camel
100%
Polar Bear
79%
Emperor Penguin
71%
Cockroach
43%
Kangaroo Rat
36%
Naked Mole Rat
36%
Scorpion
29%
Snow Leopard
21%
Tardigrade
21%
Desert Tortoise
14%
Pompeii Worm
14%
Wood Frog
14%
Arctic Fox
7%
Yeti Crab
7%
Antarctic Krill
0%
No matching quizzes found
Score Distribution
Percent of People with Each Score
Percentile by Number Answered
Your Score History
You have not taken this quiz